• 首页
  • 本馆介绍
  • 公告通知
  • 最新文献
  • 馆藏检索
  • 电子资源
  • 读者荐购
  • 参考咨询
  • CALIS
  • 我的图书馆
  • 登录
  • 详细信息显示
  • 放入我的书架
  • 预约/预借图书
  • 作者相关作品
  • 分类相关作品
  • 丛书相关作品
  • 出版社相关作品

书目信息

  • 表格格式
  • 工作单格式
  • 卡片格式
题名:
辉煌的胜利
    
 
作者: 史延胜 编著
分册:  
出版信息: 北京   海潮出版社  2006.09
页数: 320页
开本: 17cm
丛书名:
单 册:
中图分类: K264.407
科图分类:
主题词: 二万五千里长征--er wan wu qian li chang zheng--研究--1934-1936 , 二万五千里长征--er wan wu qian li chang zheng--研究
电子资源:
ISBN: 7-80213-233-9
 
 
 
 
 
000 01066nam0 2200289 450
001 003281016
005 20080828160005.40
010    @a7-80213-233-9@dCNY33.60
100    @a20061030d2006 em y0chiy0110 ea
101 0  @achi
102    @aCN@b110000
105    @ay a 000yd
200 1  @a辉煌的胜利@Ahui huang de sheng li@e中国工农红军长征作出的五大历史贡献@f史延胜 ... [等] 编著
210    @a北京@c海潮出版社@d2006.09
215    @a320页@d17cm
300    @a红色铁流三部曲
314    @a本书编著还有:李强、李刚、刘庆文
320    @a有书目 (第317-318页)
330    @a本书全面梳理了长征所取得的重大成果,为全面了解长征、研究长征提供了一个新的思路。
517 1  @a中国工农红军长征作出的五大历史贡献@Azhong guo gong nong hong jun chang zheng zuo chu de wu da li shi gong xian
606 0  @a二万五千里长征@Aer wan wu qian li chang zheng@x研究@z1934-1936
606 0  @a二万五千里长征@Aer wan wu qian li chang zheng@x研究
690    @aK264.407@v4
701  0 @a史延胜@Ashi yan sheng@4编著
801  0 @aCN@c20080828
905    @dK264.407@eS590
999    @aGWP
    
    辉煌的胜利:中国工农红军长征作出的五大历史贡献/史延胜 ... [等] 编著.-北京:海潮出版社,2006.09
    320页;17cm
    红色铁流三部曲
    
    ISBN 7-80213-233-9:CNY33.60
    本书全面梳理了长征所取得的重大成果,为全面了解长征、研究长征提供了一个新的思路。
●
相关链接 在E读中查询图书 在当当中查询图书 在豆瓣中查询图书


正题名:辉煌的胜利     索取号:K264.407/S590         预约/预借

序号 登录号 条形码 馆藏地/架位号 状态 备注
1 676688   206766882   社科库309/309社科库 36排2列5层/ [索取号:K264.407/S590] 在馆    
2 676689   206766891   社科库309/309社科库 36排2列5层/ [索取号:K264.407/S590] 在馆    
3 676690   206766908   社科库309/309社科库 36排2列5层/ [索取号:K264.407/S590] 在馆    
河南城建学院图书馆 欢迎您!
大连网信软件有限公司© 版权所有